| 000 | 00612nam a2200205 4500 | ||
|---|---|---|---|
| 001 | 139235 | ||
| 003 | ES-MaACL | ||
| 005 | 20230906195731.0 | ||
| 007 | t| | ||
| 008 | 070214s1960 ag r ||||1| spa d | ||
| 100 | 1 |
_aSaroyan, William. _9103843 |
|
| 245 | 1 | 0 |
_aEs cosa de reírse / _cWilliam Saroyan ; traducción de Antonio Ribera. |
| 260 |
_aBuenos Aires : _bPlaza & Janés, _c1960. |
||
| 300 |
_a205 p. : _bil. ; _c21 cm. |
||
| 490 | 1 | _aDe `el hipocampo` | |
| 700 | 1 |
_aRibera, Antonio. _996769 |
|
| 830 | 0 |
_aDe `el hipocampo` _9220209 |
|
| 852 |
_aES-MaACL _jC-17753 _bR.46112 |
||
| 999 |
_c139235 _d139235 |
||